000 00688cam a2200241 a 4500
008
020 _a0071289305 (pbk.)
049 _aMAIN
090 _aTK7881.15
_bHAR
100 1 _aHart, Daniel W.
245 1 0 _aPower electronics /
_cDaniel W. Hart.
250 _aInternational ed. 2011
260 _aNew York :
_bMcGraw-Hill,
_cc2011.
300 _axiii, 477 p. :
_bill. ;
_c24 cm.
504 _aIncludes bibliographical references.
500 _a Includes index.
650 0 _aPower electronics.
907 _a.b10312407
_b23-04-12
_c23-04-12
003
005 20230123125425.0
040 _cNUST
942 _cBOOKS
_kTK7881.15
_mHAR
999 _c141273
_d141273